[Event "Moscow Aeroflot op-A"]
[Site "Moscow"]
[Date "2024.03.07"]
[Round "9"]
[White "Ohanyan, Emin"]
[Black "Aleksandrov, Aleksej"]
[Result "1/2-1/2"]
[WhiteElo "2489"]
[BlackElo "2418"]
[PlyCount "99"]
[EventDate "2024.03.03"]
[EventType "swiss"]
[EventRounds "9"]
[EventCountry "RUS"]
[SourceTitle "CB11_2024"]
[SourceDate "2024.03.13"]
[SourceVersion "1"]
[SourceVersionDate "2024.03.13"]
[SourceQuality "1"]

1. d4 Nf6 2. c4 e6 3. Nf3 d5 4. Nc3 Bb4 5. Bg5 h6 6. Bxf6 Qxf6 7. e3 0-0 8. Rc1 dxc4 9. Bxc4 c5 10. 0-0 cxd4 11. Ne4 Qe7 12. Nxd4 Bd7 13. Bd3 Nc6 14. Nb3 Rad8 15. a3 f5 16. axb4 fxe4 17. Bxe4 Qxb4 18. Bb1 Ne7 19. Qc2 Nf5 20. Nd4 Rc8 21. Qe2 Nxd4 22. exd4 Rxc1 23. Rxc1 Qd6 24. Qe4 Rf4 25. Qxb7 Qxd4 26. Rf1 Rf8 27. h3 e5 28. Qa6 Rf6 29. Qe2 Be6 30. Qc2 Bf5 31. Qb3+ Kh7 32. Bxf5+ Rxf5 33. Qc2 e4 34. Ra1 Rb5 35. Qc3 Qxc3 36. bxc3 a5 37. Kf1 Kg6 38. Ke2 Rc5 39. c4 Rxc4 40. Rxa5 Kf6 41. Ke3 g6 42. Rd5 h5 43. h4 Rc2 44. Rd4 Kf5 45. Rd5+ Kf6 46. Rg5 Rc3+ 47. Kd2 Ra3 48. Rb5 Ke6 49. Ke2 Kf6 50. Rc5 1/2-1/2

[Event "Moscow Aeroflot op-A"]
[Site "Moscow"]
[Date "2024.03.06"]
[Round "8"]
[White "Aleksandrov, Aleksej"]
[Black "Gharibyan, Mamikon"]
[Result "1/2-1/2"]
[WhiteElo "2418"]
[BlackElo "2499"]
[PlyCount "107"]
[EventDate "2024.03.03"]
[EventType "swiss"]
[EventRounds "9"]
[EventCountry "RUS"]
[SourceTitle "CB11_2024"]
[SourceDate "2024.03.13"]
[SourceVersion "1"]
[SourceVersionDate "2024.03.13"]
[SourceQuality "1"]

1. Nf3 d5 2. b3 c5 3. e3 a6 4. Bb2 Nc6 5. g3 Nf6 6. Bg2 Bf5 7. 0-0 e6 8. Nh4 Bg4 9. Qe1 Bh5 10. f4 Be7 11. h3 Nd7 12. Nf3 Bg6 13. d3 c4 14. dxc4 dxc4 15. e4 0-0 16. Nbd2 cxb3 17. axb3 Nb4 18. Rc1 Rc8 19. Kh2 Rxc2 20. Rxc2 Nxc2 21. Qe2 f6 22. Rd1 Nb4 23. Nc4 Qc7 24. f5 Bf7 25. e5 Nc5 26. Nd6 Rd8 27. Nxf7 Rxd1 28. Qxd1 Kxf7 29. Nd4 g6 30. fxe6+ Kg7 31. exf6+ Bxf6 32. Qg4 Be5 33. Nf5+ Kf6 34. e7 gxf5 35. e8N+ Ke7 36. Qe2 Kxe8 37. Bxe5 Qe7 38. Qh5+ Qf7 39. Qh6 Nbd3 40. Bd4 Ne4 41. Qe3 Qxb3 42. g4 Kd7 43. gxf5 Nd6 44. f6 Nf5 45. Qe4 Qe6 46. Qxb7+ Ke8 47. Qa8+ Kd7 48. Qa7+ Ke8 49. Qb8+ Kf7 50. Qc7+ Kg6 51. h4 h5 52. f7 Qxf7 53. Qxf7+ Kxf7 54. Bb6 1/2-1/2

[Event "Moscow Aeroflot op-A"]
[Site "Moscow"]
[Date "2024.03.03"]
[Round "2"]
[White "Aleksandrov, Aleksej"]
[Black "Valiyev, Shahin"]
[Result "1/2-1/2"]
[WhiteElo "2418"]
[BlackElo "2324"]
[PlyCount "109"]
[EventDate "2024.03.03"]
[EventType "swiss"]
[EventRounds "9"]
[EventCountry "RUS"]
[SourceTitle "CB11_2024"]
[SourceDate "2024.03.13"]
[SourceVersion "1"]
[SourceVersionDate "2024.03.13"]
[SourceQuality "1"]

1. d4 d5 2. c4 e6 3. Nc3 Be7 4. cxd5 exd5 5. Qc2 Nc6 6. Nf3 Nb4 7. Qb3 Bf5 8. e4 dxe4 9. Ne5 Be6 10. Bc4 Qxd4 11. Bxe6 fxe6 12. Bf4 Qb6 13. 0-0 Nf6 14. Nc4 Qa6 15. Bxc7 Nbd5 16. Be5 Rc8 17. Nxd5 Nxd5 18. Ne3 Bf6 19. Rac1 Kf7 20. Bxf6 Nxf6 21. h3 Rhd8 22. Rxc8 Rxc8 23. Rd1 Qc6 24. Rd4 b5 25. a4 a6 26. axb5 axb5 27. Rd2 Qc1+ 28. Rd1 Qc6 29. Qb4 Rc7 30. Ra1 Qc5 31. Qe1 Qe5 32. Qe2 h5 33. Re1 Qc5 34. Nf1 Qb4 35. Ng3 Rc2 36. Qe3 Qd2 37. Qxd2 Rxd2 38. Re2 Rd1+ 39. Kh2 Rb1 40. Rc2 h4 41. Ne2 Nd5 42. Nd4 b4 43. Re2 g5 44. Rxe4 Rxb2 45. Nxe6 Kf6 46. Nxg5 Rxf2 47. Rxb4 Kxg5 48. Rg4+ Kh5 49. Kg1 Re2 50. g3 hxg3 51. Rxg3 Ne3 52. Rf3 Kh4 53. Rf2 Re1+ 54. Kh2 Nd5 55. Kg2 1/2-1/2

[Event "Moscow Aeroflot op-A"]
[Site "Moscow"]
[Date "2024.03.03"]
[Round "1"]
[White "Grischuk, Alexander"]
[Black "Aleksandrov, Aleksej"]
[Result "1-0"]
[WhiteElo "2732"]
[BlackElo "2418"]
[PlyCount "55"]
[EventDate "2024.03.03"]
[EventType "swiss"]
[EventRounds "9"]
[EventCountry "RUS"]
[SourceTitle "CB11_2024"]
[SourceDate "2024.03.13"]
[SourceVersion "1"]
[SourceVersionDate "2024.03.13"]
[SourceQuality "1"]

1. g3 Nf6 2. Bg2 d5 3. Nf3 e6 4. 0-0 Be7 5. c4 0-0 6. d4 dxc4 7. Qc2 a6 8. a4 Bd7 9. Qxc4 Bc6 10. Bg5 a5 11. Nc3 Na6 12. Bxf6 Bxf6 13. e4 Nb4 14. Rfd1 g6 15. Rac1 Bg7 16. h4 b6 17. d5 exd5 18. exd5 Bb7 19. Nd4 Na6 20. Ne6 Qf6 21. Nxf8 Bxf8 22. Ne4 Qg7 23. d6 c6 24. d7 Rd8 25. Nd6 Bxd6 26. Rxd6 Qe5 27. Rdd1 Nc5 28. Re1 1-0

[Event "Moscow-ch op Superfinal"]
[Site "Ershovo"]
[Date "2024.02.29"]
[Round "9"]
[White "Goganov, Aleksey"]
[Black "Aleksandrov, Aleksej"]
[Result "1/2-1/2"]
[WhiteElo "2491"]
[BlackElo "2418"]
[PlyCount "62"]
[EventDate "2024.02.23"]
[EventType "swiss"]
[EventRounds "10"]
[EventCountry "RUS"]
[SourceTitle "CB10_2024"]
[SourceDate "2024.03.06"]
[SourceVersion "1"]
[SourceVersionDate "2024.03.06"]
[SourceQuality "1"]

1. d4 Nf6 2. c4 e6 3. Nf3 d5 4. g3 dxc4 5. Bg2 Nc6 6. 0-0 Rb8 7. Qc2 b5 8. b3 Nb4 9. Qb2 cxb3 10. axb3 a6 11. Ne5 Nd7 12. Bd2 Nxe5 13. dxe5 Be7 14. Nc3 0-0 15. Rfd1 c5 16. Ne4 Qb6 17. Nf6+ Kh8 18. Be4 Rd8 19. Nxh7 Bb7 20. Bxb7 Qxb7 21. Ng5 Kg8 22. h4 Nc6 23. Nf3 Nd4 24. Nxd4 Rxd4 25. Be3 Rxd1+ 26. Rxd1 Qc7 27. Qc2 Rd8 28. Rxd8+ Qxd8 29. Bxc5 Bxc5 30. Qxc5 Qd1+ 31. Kh2 Qxe2 1/2-1/2

[Event "Moscow-ch op Superfinal"]
[Site "Ershovo"]
[Date "2024.02.26"]
[Round "5"]
[White "Liavonava, Yuliya"]
[Black "Aleksandrov, Aleksej"]
[Result "0-1"]
[WhiteElo "1943"]
[BlackElo "2418"]
[PlyCount "82"]
[EventDate "2024.02.23"]
[EventType "swiss"]
[EventRounds "10"]
[EventCountry "RUS"]
[SourceTitle "CB10_2024"]
[SourceDate "2024.03.06"]
[SourceVersion "1"]
[SourceVersionDate "2024.03.06"]
[SourceQuality "1"]

1. e4 e5 2. Nf3 Nc6 3. Bc4 Bc5 4. c3 Nf6 5. d3 d6 6. 0-0 h6 7. b4 Bb6 8. a4 a6 9. Re1 0-0 10. h3 Ne7 11. Nbd2 Ng6 12. Nf1 c6 13. Bb3 d5 14. exd5 Nxd5 15. Bxd5 cxd5 16. Nxe5 Bxf2+ 17. Kxf2 Nxe5 18. Kg1 Ng6 19. Be3 Be6 20. Nh2 Rc8 21. Bd4 Re8 22. Qh5 Qg5 23. Qxg5 hxg5 24. Nf3 f6 25. Re3 Bd7 26. Rxe8+ Rxe8 27. c4 Nf4 28. cxd5 Nxd5 29. a5 Nf4 30. Rd1 Bc6 31. Bc5 Re2 32. Ne1 Bxg2 33. Nxg2 Rxg2+ 34. Kh1 Rg3 35. d4 Rxh3+ 36. Kg1 Nd5 37. Kf2 Rb3 38. Re1 Kf7 39. Kg2 g4 40. Bd6 g5 41. Re4 Kg6 0-1

[Event "Moscow-ch op Superfinal"]
[Site "Ershovo"]
[Date "2024.02.25"]
[Round "4"]
[White "Aleksandrov, Aleksej"]
[Black "Smirnov, Pavel"]
[Result "1/2-1/2"]
[WhiteElo "2418"]
[BlackElo "2530"]
[PlyCount "20"]
[EventDate "2024.02.23"]
[EventType "swiss"]
[EventRounds "10"]
[EventCountry "RUS"]
[SourceTitle "CB10_2024"]
[SourceDate "2024.03.06"]
[SourceVersion "1"]
[SourceVersionDate "2024.03.06"]
[SourceQuality "1"]

1. d4 Nf6 2. c4 e6 3. Nc3 Bb4 4. e3 0-0 5. Bd3 d5 6. Nf3 dxc4 7. Bxc4 c5 8. 0-0 cxd4 9. exd4 Nc6 10. Bg5 Be7 1/2-1/2

[Event "Orsha op-A 22nd"]
[Site "Orsha"]
[Date "2024.01.24"]
[Round "6"]
[White "Aleksandrov, Aleksej"]
[Black "Fedorov, Artem Alek"]
[Result "1-0"]
[WhiteElo "2429"]
[BlackElo "2014"]
[PlyCount "106"]
[EventDate "2024.01.22"]
[EventType "swiss"]
[EventRounds "9"]
[EventCountry "BLR"]
[SourceTitle "CB05_2024"]
[SourceDate "2024.01.31"]
[SourceVersion "1"]
[SourceVersionDate "2024.01.31"]
[SourceQuality "1"]

1. d4 d5 2. c4 e6 3. Nc3 c5 4. cxd5 exd5 5. Nf3 Nc6 6. e3 c4 7. Bd2 Bb4 8. b3 Bxc3 9. Bxc3 b5 10. bxc4 bxc4 11. Bxc4 dxc4 12. d5 Nge7 13. dxc6 Qxd1+ 14. Rxd1 Nxc6 15. Rd6 Ne7 16. Rd4 0-0 17. Bb4 Nc6 18. Bxf8 Nxd4 19. Nxd4 Kxf8 20. Kd2 Rb8 21. Kc3 Ba6 22. Rd1 Ke8 23. f3 Rd8 24. Rd2 g6 25. a4 Rb8 26. e4 Rb6 27. e5 Kd7 28. f4 Kc7 29. Rd1 h5 30. g3 Rb8 31. h3 Rb6 32. g4 hxg4 33. hxg4 Bc8 34. Nb5+ Kb7 35. Nd6+ Kc7 36. Nxc8 Kxc8 37. Kxc4 Ra6 38. Kb5 Rb6+ 39. Ka5 g5 40. f5 Kc7 41. Rh1 Rc6 42. Kb4 Rb6+ 43. Ka3 Kc6 44. Rh7 Kd5 45. a5 Rb1 46. Rxf7 Kxe5 47. Rxa7 Rg1 48. Re7+ Kd5 49. f6 Rxg4 50. a6 Kd6 51. a7 Rg1 52. Re2 Rg3+ 53. Kb2 Kd5 1-0

[Event "Orsha op-A 22nd"]
[Site "Orsha"]
[Date "2024.01.22"]
[Round "1"]
[White "Neukrytykh, Maxim"]
[Black "Aleksandrov, Aleksej"]
[Result "0-1"]
[WhiteElo "1497"]
[BlackElo "2429"]
[PlyCount "46"]
[EventDate "2024.01.22"]
[EventType "swiss"]
[EventRounds "9"]
[EventCountry "BLR"]
[SourceTitle "CB05_2024"]
[SourceDate "2024.01.31"]
[SourceVersion "1"]
[SourceVersionDate "2024.01.31"]
[SourceQuality "1"]

1. e4 e5 2. Nf3 Nc6 3. d4 exd4 4. Bc4 Bb4+ 5. c3 dxc3 6. Nxc3 d6 7. Qb3 Bxc3+ 8. bxc3 Qf6 9. Bd3 Nge7 10. Bb2 0-0 11. 0-0-0 Ng6 12. h4 Nge5 13. Be2 Be6 14. Rd5 Qf4+ 15. Nd2 Qxf2 16. Qd1 f5 17. Rf1 Qxh4 18. Rb5 b6 19. Rh1 Qg5 20. exf5 Bxf5 21. g4 Bg6 22. Qb3+ Kh8 23. Qd5 a6 0-1

[Event "BLR-ch 90th"]
[Site "Minsk"]
[Date "2024.01.16"]
[Round "7"]
[White "Gorovets, Andrey"]
[Black "Aleksandrov, Aleksej"]
[Result "1/2-1/2"]
[WhiteElo "2493"]
[BlackElo "2429"]
[PlyCount "65"]
[EventDate "2024.01.10"]
[EventType "tourn"]
[EventRounds "9"]
[EventCountry "BLR"]
[EventCategory "2"]
[SourceTitle "CB04_2024"]
[SourceDate "2023.10.16"]
[SourceVersion "1"]
[SourceVersionDate "2023.10.16"]
[SourceQuality "1"]

1. Nf3 Nf6 2. c4 e6 3. g3 d5 4. Bg2 Be7 5. 0-0 0-0 6. d4 dxc4 7. Ne5 Nc6 8. Bxc6 bxc6 9. Nxc6 Qe8 10. Nxe7+ Qxe7 11. Nc3 c5 12. dxc5 Qxc5 13. Be3 Qc6 14. Qa4 Bb7 15. f3 Nd5 16. Qxc6 Bxc6 17. Nxd5 exd5 18. Bd4 h5 19. Rac1 Bd7 20. Rfd1 Be6 21. Kf2 f6 22. Bc3 Kf7 23. Rd4 Rab8 24. Rcd1 a6 25. h3 Rh8 26. Kg2 Rbc8 27. Rf4 Ke7 28. Rfd4 Kf7 29. Rc1 Rb8 30. Rd2 Rbc8 31. Bd4 Rb8 32. Rc3 Rb5 33. Rc1 1/2-1/2

[Event "BLR-ch 90th"]
[Site "Minsk"]
[Date "2024.01.13"]
[Round "4"]
[White "Aleksandrov, Aleksej"]
[Black "Lazavik, Denis"]
[Result "1/2-1/2"]
[WhiteElo "2429"]
[BlackElo "2566"]
[PlyCount "69"]
[EventDate "2024.01.10"]
[EventType "tourn"]
[EventRounds "9"]
[EventCountry "BLR"]
[EventCategory "2"]
[SourceTitle "CB04_2024"]
[SourceDate "2023.10.16"]
[SourceVersion "1"]
[SourceVersionDate "2023.10.16"]
[SourceQuality "1"]

1. d4 f5 2. Nf3 Nf6 3. g3 g6 4. Bg2 Bg7 5. 0-0 0-0 6. c3 a5 7. Nbd2 Nc6 8. Ne5 Nxe5 9. dxe5 Ng4 10. Nc4 d6 11. exd6 exd6 12. Ne3 Nf6 13. Nd5 Ne4 14. Be3 Be6 15. Qd3 Re8 16. Rfd1 Bf7 17. Qc2 Bxd5 18. Rxd5 b6 19. Rdd1 Qe7 20. Bd4 Rad8 21. Bxg7 Kxg7 22. e3 Qe6 23. a3 Re7 24. b4 Qe5 25. c4 Ra8 26. Rac1 axb4 27. axb4 Qf6 28. c5 bxc5 29. bxc5 dxc5 30. Bxe4 Rxe4 31. Qxc5 Re7 32. Qd5 Ra6 33. Qb7 Rd6 34. Rf1 c6 35. Qb4 1/2-1/2

[Event "BLR-ch 90th"]
[Site "Minsk"]
[Date "2024.01.12"]
[Round "3"]
[White "Bialiauski, Artsiom"]
[Black "Aleksandrov, Aleksej"]
[Result "0-1"]
[WhiteElo "1894"]
[BlackElo "2429"]
[PlyCount "114"]
[EventDate "2024.01.10"]
[EventType "tourn"]
[EventRounds "9"]
[EventCountry "BLR"]
[EventCategory "2"]
[SourceTitle "CB04_2024"]
[SourceDate "2023.10.16"]
[SourceVersion "1"]
[SourceVersionDate "2023.10.16"]
[SourceQuality "1"]

1. d4 Nf6 2. Nf3 e6 3. g3 b5 4. Bg2 Bb7 5. 0-0 Be7 6. a4 b4 7. c4 bxc3 8. bxc3 0-0 9. Ba3 Bxa3 10. Nxa3 Qc8 11. Nd2 Bxg2 12. Kxg2 d5 13. c4 c5 14. cxd5 Qb7 15. e4 cxd4 16. Nb5 Nbd7 17. dxe6 fxe6 18. Rb1 Nc5 19. Qc2 Qe7 20. Nxd4 Rac8 21. e5 Nd5 22. N2f3 a5 23. Rb5 Nb4 24. Qc4 Nbd3 25. Rb6 Kh8 26. h4 h6 27. Rc6 Qb7 28. Qb5 Qa8 29. Rxc8 Rxc8 30. Kg1 Qe4 31. Qxa5 Rf8 32. Qd2 Rxf3 33. Nxf3 Qxf3 34. Rb1 Nxa4 35. Rb8+ Kh7 36. Qe3 Qxe3 37. fxe3 Nxe5 38. Re8 Nc5 39. Rc8 Ned7 40. Kg2 Kg6 41. Kf3 Ne5+ 42. Kg2 Ne4 43. Rc7 h5 44. Re7 Kf6 45. Rb7 Ng4 46. Rb8 Nd2 47. Rf8+ Ke7 48. Rg8 Kf7 49. Rh8 g6 50. Rd8 Nxe3+ 51. Kf2 Ng4+ 52. Ke2 Ne4 53. Kf3 Nef6 54. Kf4 Nd5+ 55. Kg5 Ngf6 56. Ra8 Ne4+ 57. Kh6 Nxg3 0-1

[Event "RUS Cup tt"]
[Site "Sochi"]
[Date "2023.12.01"]
[Round "5.7"]
[White "Raetsky, Alexander"]
[Black "Aleksandrov, Aleksej"]
[Result "0-1"]
[WhiteElo "2310"]
[BlackElo "2438"]
[PlyCount "76"]
[EventDate "2023.11.27"]
[EventType "team-swiss"]
[EventRounds "7"]
[EventCountry "RUS"]
[SourceTitle "CB49_2023"]
[SourceDate "2023.12.06"]
[SourceVersion "1"]
[SourceVersionDate "2023.12.06"]
[SourceQuality "1"]
[WhiteTeam "Russia Veterans"]
[BlackTeam "Belarus"]
[WhiteTeamCountry "RUS"]
[BlackTeamCountry "BLR"]

1. d4 Nf6 2. Nf3 e6 3. g3 b5 4. Bg2 Bb7 5. 0-0 c5 6. a4 b4 7. c3 Na6 8. Bg5 Be7 9. Nbd2 0-0 10. a5 bxc3 11. bxc3 Rb8 12. Ne5 Bxg2 13. Kxg2 Nd5 14. Bxe7 Qxe7 15. Rc1 d6 16. Nec4 Ndc7 17. e4 cxd4 18. cxd4 Nb4 19. Qf3 d5 20. Ne5 dxe4 21. Nxe4 Nb5 22. Rc4 f6 23. Nd3 Nxd3 24. Qxd3 Rfd8 25. Rd1 e5 26. d5 Nd4 27. d6 Qe6 28. Rxd4 exd4 29. Qxd4 Rbc8 30. f3 Rc2+ 31. Kg1 Qa2 32. Nf2 Qxa5 33. d7 Qb6 34. Qd5+ Kf8 35. Rd4 Rc7 36. Qe4 Rcxd7 37. Rb4 Qc5 38. Rc4 Qd5 0-1

[Event "RUS Cup tt"]
[Site "Sochi"]
[Date "2023.11.27"]
[Round "1.6"]
[White "Aleksandrov, Aleksej"]
[Black "Ganzhurov, Roman"]
[Result "1-0"]
[WhiteElo "2438"]
[BlackElo "2033"]
[PlyCount "69"]
[EventDate "2023.11.27"]
[EventType "team-swiss"]
[EventRounds "7"]
[EventCountry "RUS"]
[SourceTitle "CB49_2023"]
[SourceDate "2023.12.06"]
[SourceVersion "1"]
[SourceVersionDate "2023.12.06"]
[SourceQuality "1"]
[WhiteTeam "Belarus"]
[BlackTeam "Sakha Qkutiya"]
[WhiteTeamCountry "BLR"]
[BlackTeamCountry "RUS"]

1. d4 Nf6 2. c4 g6 3. Nc3 Bg7 4. e4 d6 5. Be2 0-0 6. Be3 e5 7. d5 Na6 8. g4 Nc5 9. f3 a5 10. h4 h5 11. g5 Ne8 12. Qd2 Bd7 13. 0-0-0 Qb8 14. Nh3 c6 15. Nf2 cxd5 16. Nxd5 Ba4 17. Rdf1 Bc6 18. f4 Bxd5 19. exd5 b5 20. cxb5 Nc7 21. Bxc5 dxc5 22. a4 Rd8 23. Bc4 Ne6 24. fxe5 Qxe5 25. Re1 Qf5 26. Rhf1 Nd4 27. Ne4 Qh3 28. Qf4 Nf5 29. d6 Bd4 30. Kb1 Ra7 31. Nf6+ Bxf6 32. gxf6 Rxd6 33. Re7 Nxe7 34. Qxd6 Rd7 35. fxe7 1-0

[Event "Minsk op"]
[Site "Minsk"]
[Date "2023.11.04"]
[Round "2"]
[White "Aleksandrov, Aleksej"]
[Black "Dzenisenia, Mikhail"]
[Result "1-0"]
[WhiteElo "2438"]
[BlackElo "1747"]
[PlyCount "119"]
[EventDate "2023.11.03"]
[EventType "swiss"]
[EventRounds "9"]
[EventCountry "BLR"]
[SourceTitle "CB46_2023"]
[SourceDate "2023.11.15"]
[SourceVersion "1"]
[SourceVersionDate "2023.11.15"]
[SourceQuality "1"]

1. d4 d5 2. c4 c6 3. Nf3 Nf6 4. e3 a6 5. Nbd2 Bf5 6. Nh4 Bc8 7. Bd3 dxc4 8. Nxc4 b5 9. Ne5 Bb7 10. Nhf3 e6 11. Ng5 Bb4+ 12. Bd2 Bxd2+ 13. Qxd2 0-0 14. Qc2 g6 15. Ne4 Nxe4 16. Bxe4 Nd7 17. Nxd7 Qxd7 18. Qc5 Rfd8 19. f4 e5 20. fxe5 Qg4 21. Bf3 Qh4+ 22. g3 Qg5 23. Kf2 Bc8 24. h4 Qh6 25. g4 Be6 26. g5 Qg7 27. a3 Rac8 28. Rac1 h5 29. Kg3 Kh7 30. Rhf1 Qg8 31. Qe7 Rd7 32. Qf6 Qe8 33. Rc5 Rdc7 34. Rfc1 Qd7 35. Bg2 Bd5 36. Bh3 Be6 37. Bxe6 fxe6 38. Rf1 Rg8 39. Qf3 Qe8 40. Qe4 Rf8 41. Rf6 Rxf6 42. exf6 Kg8 43. Qe5 Qd7 44. Kf2 Kf7 45. Ke2 Rc8 46. Kd3 Rd8 47. Rc2 Rc8 48. b4 Rc7 49. Qc5 Qd8 50. Kc3 Rd7 51. Kb2 Rc7 52. Qb6 Qd6 53. Qxa6 e5 54. Qb6 e4 55. Qc5 Qd7 56. Qe5 Ra7 57. Qxe4 Ra6 58. Rc5 Qd6 59. Re5 Ra7 60. Re7+ 1-0

[Event "Minsk op"]
[Site "Minsk"]
[Date "2023.11.03"]
[Round "1"]
[White "Pasiashnichenka, Dzmitry"]
[Black "Aleksandrov, Aleksej"]
[Result "0-1"]
[WhiteElo "1399"]
[BlackElo "2438"]
[PlyCount "20"]
[EventDate "2023.11.03"]
[EventType "swiss"]
[EventRounds "9"]
[EventCountry "BLR"]
[SourceTitle "CB46_2023"]
[SourceDate "2023.11.15"]
[SourceVersion "1"]
[SourceVersionDate "2023.11.15"]
[SourceQuality "1"]

1. d4 d5 2. c4 e6 3. Nc3 Bb4 4. e3 c5 5. a3 Bxc3+ 6. bxc3 Nf6 7. cxd5 exd5 8. Bd3 0-0 9. Ne2 b6 10. 0-0 Ba6 0-1

[Event "Chigorin Memorial 30th"]
[Site "St Petersburg"]
[Date "2023.10.25"]
[Round "5"]
[White "Popov, Maksim1"]
[Black "Aleksandrov, Aleksej"]
[Result "1/2-1/2"]
[WhiteElo "2338"]
[BlackElo "2447"]
[PlyCount "81"]
[EventDate "2023.10.21"]
[EventType "swiss"]
[EventRounds "9"]
[EventCountry "RUS"]
[SourceTitle "Mega2024 Update 01"]
[Source "Chessbase"]
[SourceDate "2023.11.12"]
[SourceVersion "1"]
[SourceVersionDate "2023.11.12"]
[SourceQuality "1"]

1. Nf3 Nf6 2. g3 d5 3. Bg2 c6 4. d3 h6 5. Nbd2 Bf5 6. 0-0 e6 7. Qe1 Bh7 8. e4 Be7 9. Qe2 a5 10. Re1 0-0 11. a3 a4 12. Rb1 b5 13. exd5 cxd5 14. c3 Nc6 15. Ra1 e5 16. Nxe5 Nxe5 17. Qxe5 Bc5 18. Qf4 Bxd3 19. Nf1 Be4 20. Bxe4 Nxe4 21. Be3 Ng5 22. Qf5 Bxe3 23. Rxe3 d4 24. Rd3 g6 25. Qg4 Qd5 26. Nd2 Ne6 27. Ne4 Qe5 28. Re1 dxc3 29. Rd5 Qg7 30. Nxc3 Rab8 31. Rde5 Rfd8 32. Nd5 Kh8 33. h4 h5 34. Qe4 Rd6 35. Kg2 Rbd8 36. Nf4 Rd4 37. Nxe6 Rxe4 38. Nxg7 Rxe1 39. Rxe1 Kxg7 40. Re5 b4 41. Re4 1/2-1/2

[Event "Chigorin Memorial 30th"]
[Site "St Petersburg"]
[Date "2023.10.22"]
[Round "2"]
[White "Aleksandrov, Aleksej"]
[Black "Slastikhin, Vladislav"]
[Result "1-0"]
[WhiteElo "2447"]
[BlackElo "2035"]
[PlyCount "65"]
[EventDate "2023.10.21"]
[EventType "swiss"]
[EventRounds "9"]
[EventCountry "RUS"]
[SourceTitle "Mega2024 Update 01"]
[Source "Chessbase"]
[SourceDate "2023.11.12"]
[SourceVersion "1"]
[SourceVersionDate "2023.11.12"]
[SourceQuality "1"]

1. d4 Nf6 2. c4 e6 3. Nc3 Bb4 4. Qc2 0-0 5. Nf3 d5 6. a3 Bxc3+ 7. Qxc3 Ne4 8. Qc2 a5 9. e3 c6 10. Bd3 f5 11. 0-0 Nd7 12. b3 g5 13. Ne1 g4 14. f3 gxf3 15. gxf3 Nef6 16. Kh1 Rf7 17. Rg1+ Rg7 18. Rxg7+ Kxg7 19. Qg2+ Kf7 20. Ra2 Nf8 21. Qg5 Bd7 22. Bf1 Ng6 23. Nd3 Ng8 24. Qg3 Rc8 25. Rg2 Be8 26. Qh3 Kg7 27. e4 Qf6 28. Bf4 Qf7 29. Be5+ Kf8 30. Bd6+ Kg7 31. Ne5 Qf6 32. Nxg6 Qxg6 33. exf5 1-0

[Event "Chigorin Memorial 30th"]
[Site "St Petersburg"]
[Date "2023.10.21"]
[Round "1"]
[White "Nikitinyh, Boris Aleksandrovic"]
[Black "Aleksandrov, Aleksej"]
[Result "0-1"]
[WhiteElo "1785"]
[BlackElo "2447"]
[PlyCount "90"]
[EventDate "2023.10.21"]
[EventType "swiss"]
[EventRounds "9"]
[EventCountry "RUS"]
[SourceTitle "Mega2024 Update 01"]
[Source "Chessbase"]
[SourceDate "2023.11.12"]
[SourceVersion "1"]
[SourceVersionDate "2023.11.12"]
[SourceQuality "1"]

1. e4 e5 2. Nf3 Nc6 3. Nc3 Nf6 4. g3 Bc5 5. Bg2 d6 6. 0-0 Be6 7. d3 Qd7 8. Be3 Bg4 9. Re1 Nd4 10. Bxd4 Bxd4 11. Qd2 Bb6 12. a4 a5 13. Nd1 h5 14. h4 c6 15. Ne3 0-0 16. Nc4 Bc7 17. d4 Rfe8 18. dxe5 dxe5 19. Qxd7 Bxd7 20. Rad1 Bg4 21. Nd6 Red8 22. Nxb7 Rxd1 23. Rxd1 Rb8 24. Nc5 Rxb2 25. Rd2 Bb6 26. Nd3 Rb1+ 27. Kh2 Nxe4 28. Re2 f5 29. Ndxe5 Bxf2 30. Rxf2 Nxf2 31. Nxc6 Bxf3 32. Bxf3 Ng4+ 33. Kg2 Rb2 34. Nxa5 Rxc2+ 35. Kg1 Ne5 36. Bd5+ Kf8 37. Nb7 Ke7 38. a5 Rd2 39. Bg2 Ra2 40. Bd5 Ra3 41. Kf2 g6 42. Bg2 Ng4+ 43. Ke1 Ra1+ 44. Ke2 Ra2+ 45. Kf1 Ne3+ 0-1

[Event "Chigorin Memorial Blitz 30th"]
[Site "St Petersburg"]
[Date "2023.10.20"]
[Round "1"]
[White "Aleksandrov, Aleksej"]
[Black "Mulishov, Roman"]
[Result "1-0"]
[WhiteElo "2447"]
[BlackElo "1724"]
[PlyCount "89"]
[EventDate "2023.10.20"]
[EventType "swiss (blitz)"]
[EventRounds "11"]
[EventCountry "RUS"]
[SourceTitle "Mega2024 Update 01"]
[Source "Chessbase"]
[SourceDate "2023.11.12"]
[SourceVersion "1"]
[SourceVersionDate "2023.11.12"]
[SourceQuality "1"]

1. d4 d5 2. c4 c6 3. Nf3 Nf6 4. e3 g6 5. Nc3 Bg7 6. Bd3 dxc4 7. Bxc4 Bg4 8. Bxf7+ Kxf7 9. Ne5+ Ke8 10. Nxg4 Nxg4 11. Qxg4 Qd7 12. h3 Qxg4 13. hxg4 Nd7 14. Ke2 e5 15. d5 Nf6 16. dxc6 bxc6 17. g5 Nd5 18. Ne4 Ke7 19. b3 Ke6 20. Ba3 Bf8 21. Bxf8 Raxf8 22. Rac1 Kd7 23. Rc4 Rf7 24. Ra4 Ke6 25. Rc1 Rc8 26. a3 Rfc7 27. Ra6 Kd7 28. b4 Nb6 29. Ra5 Nd5 30. Rac5 Rb8 31. g3 Rbc8 32. Rd1 Ke6 33. Rh1 Rb8 34. Rhc1 Rbc8 35. Ra5 Nb6 36. Ra6 Rd8 37. a4 Rdc8 38. Nc5+ Ke7 39. Nd3 Nd5 40. e4 Nb6 41. Nxe5 Ke6 42. Nd3 Ke7 43. Ke3 Nd7 44. f4 c5 45. Nxc5 1-0

[Event "Chigorin Memorial Blitz 30th"]
[Site "St Petersburg"]
[Date "2023.10.20"]
[Round "6"]
[White "Amonatov, Farrukh"]
[Black "Aleksandrov, Aleksej"]
[Result "1/2-1/2"]
[WhiteElo "2598"]
[BlackElo "2447"]
[PlyCount "20"]
[EventDate "2023.10.20"]
[EventType "swiss (blitz)"]
[EventRounds "11"]
[EventCountry "RUS"]
[SourceTitle "Mega2024 Update 01"]
[Source "Chessbase"]
[SourceDate "2023.11.12"]
[SourceVersion "1"]
[SourceVersionDate "2023.11.12"]
[SourceQuality "1"]

1. e4 e5 2. Nf3 Nc6 3. Nc3 Nf6 4. d4 exd4 5. Nxd4 Bb4 6. Nxc6 bxc6 7. Bd3 d5 8. exd5 0-0 9. 0-0 cxd5 10. Bg5 c6 1/2-1/2

[Event "Tsaghkadzor op"]
[Site "Tsaghkadzor"]
[Date "2023.09.24"]
[Round "6"]
[White "Aleksandrov, Aleksej"]
[Black "Iniyan, Panneerseluam"]
[Result "1/2-1/2"]
[WhiteElo "2450"]
[BlackElo "2516"]
[PlyCount "46"]
[EventDate "2023.09.20"]
[EventType "swiss"]
[EventRounds "9"]
[EventCountry "ARM"]
[SourceTitle "EXT 2024"]
[Source "ChessBase"]
[SourceDate "2023.10.10"]
[SourceVersion "1"]
[SourceVersionDate "2023.10.10"]
[SourceQuality "1"]

1. d4 Nf6 2. c4 e6 3. Nc3 Bb4 4. Qc2 0-0 5. Nf3 d6 6. e3 c5 7. Bd3 Bxc3+ 8. Qxc3 b6 9. 0-0 Bb7 10. Nd2 Qc7 11. b3 cxd4 12. Qxd4 Nc6 13. Qh4 Ne5 14. Be2 Nfd7 15. Ba3 Nc5 16. b4 Qc6 17. Nf3 Qa4 18. Nxe5 Qxa3 19. bxc5 dxe5 20. cxb6 axb6 21. Rfb1 Qc3 22. Qe7 Bc6 23. Qb4 Qxb4 1/2-1/2